| 000 | 00666nam a22002417a 4500 | ||
|---|---|---|---|
| 001 | 79496 | ||
| 003 | UA-OsUOA | ||
| 005 | 20211028131418.0 | ||
| 007 | ta | ||
| 008 | 20111110b un ||||| |||| 00| 0 ukr d | ||
| 040 |
_aUA-OsUOA _brus _cUA-OsUOA _dUA-OsUOA |
||
| 041 | _arus | ||
| 080 | _a821.161.1 | ||
| 090 |
_a821.161.1 _bТ87 |
||
| 100 | _aТургенев И. С. | ||
| 245 | _aСочинения | ||
| 260 |
_aМ. _bНаука _c1980 |
||
| 300 | _a684 с. | ||
| 505 |
_gТ. 4 _tПовести и рассказы. Статьи и рецензии. 1844 – 1854 |
||
| 650 | 7 |
_a821 Художня література _2UDC |
|
| 942 |
_cBK _2udc |
||
| 955 | _a3 | ||
| 999 |
_c365818 _d365818 |
||